000 01453cam a2200325 a 4500
001 ocn275898975
003 TZ-ArACH
005 20140213083325.0
008 060425s2004 tz l 000 0 eng
020 _a9966705937
035 _zDCLC2006305524-B
040 _aDLC
_cTZ-ArACH
041 _aEng
042 _alcode
043 _afe-----
049 _aTZAA
050 0 0 _aKQC462
_b.E26
110 2 _aEast Africa Law Society
_94183
245 1 4 _aLaw Digest: judgments and rulings of the East African Court of justice 2005-2013 /
_cEast African Law Society
_bJudgments and rulings of the East African Court of justice 2011-2013
260 _aArusha, Tanzania :
_bEast African Law Society
_c2013
300 _axxii, 298 p. ;
_c24 cm.
610 2 0 _aEast African Court of Justice
_vJudgments and rulings
_94184
650 0 _aJudgments and rulings
_zAfrica, East.
_94185
650 0 _aEast African Court of Justice
_94186
653 _aDonation
942 _2lcc
_cBOOK
999 _c2842
_d2842